| 000 | 01320cam a22003491i 4500 | ||
|---|---|---|---|
| 003 | SA-RiAUC | ||
| 005 | 20250519085231.0 | ||
| 008 | 250516s2001 su a g 000 0 ara c | ||
| 020 | _a9960207528 | ||
| 020 | _a9960207528 | ||
| 020 | _a96020952287 | ||
| 040 |
_aJO-AmJU _bara _cSA-RiAUC _erda |
||
| 041 | 1 |
_aara _heng |
|
| 050 | 1 | 4 | _bA73 2001 |
| 082 | 0 | 4 |
_a338.27282 _qSA-RiAUC |
| 090 |
_a338.27282 _b ف ي ل |
||
| 100 | 1 |
_aفيلبي، هاري سانت جون، _d1885-1960 _eمؤلف. |
|
| 240 | 1 | 0 |
_aArab ianoil Ventares. _lArabic |
| 245 | 1 | 0 |
_aمغامرات النفط العربي / _cهاري سانت جون فليبي ؛ ترجمة عوض الباري. |
| 250 | _aالطبعة الأولى. | ||
| 264 | 1 |
_aالرياض : _bمكتبة العبيكان، _c2001 |
|
| 300 |
_a251 صفحة : _bإيضاحيات ؛ _c24 سم |
||
| 336 |
_aنص _btxt _2rdacontent _3كتاب |
||
| 337 |
_aبدون وسيط _bn _2rdamedia |
||
| 338 |
_aمجلد _bnc _2rdacarrier |
||
| 590 | _aأسماء. | ||
| 650 | 7 |
_aالبترول _xجوانب اقتصادية _zالبلاد العربية _2aucsh |
|
| 650 | 7 |
_aالبترول _xتنقيب _zالبلاد العربية _2aucsh |
|
| 700 | 1 |
_aالباري، عوض _eمترجم. |
|
| 942 |
_2ddc _cBOOK _n0 |
||
| 949 |
_aSA-JeALM _d250516 _umohamedma123 _n1 |
||
| 999 |
_c8082 _d8082 |
||